000 00218nam a22000857a 4500
008 170526b xxu||||| |||| 00| 0 eng d
100 _93115
_aTandon.P.D.
245 _aThe Unforgettable Nehru
260 _aNew Delhi
_bNBIT
_c2003
999 _c6402
_d6402